| 000 | 00889nam a2200241Ia 4500 | ||
|---|---|---|---|
| 003 | GCL | ||
| 008 | 140319s9999 xx 000 0 ara d | ||
| 040 |
_aGCL / _cGCL |
||
| 082 | 0 | 4 |
_a943.08 _bس ت |
| 100 | 1 | _aخيرى حماد | |
| 245 | 1 | 0 |
_aتاريخ المانيا الهتلرية : _bنشأة وسقوط الرايخ الثالث / _cخيرى حماد |
| 700 | 1 | _aشيرر، وليام | |
| 250 | _aالثالثة | ||
| 260 |
_aبيروت : _bدار الكتاب العربى ، _c1982 |
||
| 300 |
_a503 ص ؛ _c24 سم |
||
| 490 | _a | ||
| 650 | 0 | 4 | _aالاحوال الاجتماعية |
| 650 | 0 | 4 | _aالنازية |
| 650 | 0 | 4 | _aالحرب العالمية الثانية 1939 - 1945 |
| 650 | 0 | 4 | _aالمانيا - تاريخ - العصرالحديث |
| 650 | 0 | 4 | _aاوربا - تاريخ - الحرب العالمية الثانية (1939 - 1945) |
| 942 |
_2ddc _cBK |
||
| 999 |
_c35003 _d35003 |
||